<?xml version="1.0" encoding="UTF-8"?>
<record
    xmlns:xsi="http://www.w3.org/2001/XMLSchema-instance"
    xsi:schemaLocation="http://www.loc.gov/MARC21/slim http://www.loc.gov/standards/marcxml/schema/MARC21slim.xsd"
    xmlns="http://www.loc.gov/MARC21/slim">

  <leader>02543nam a22002897a 4500</leader>
  <controlfield tag="003">AR-RoUNA</controlfield>
  <controlfield tag="005">20251020154627.0</controlfield>
  <controlfield tag="008">251016b        |||||||| |||| 00| 0 spa d</controlfield>
  <datafield tag="020" ind1=" " ind2=" ">
    <subfield code="a">978-9915-43-077-5</subfield>
  </datafield>
  <datafield tag="040" ind1=" " ind2=" ">
    <subfield code="a">AR-RoUNA</subfield>
    <subfield code="b">spa</subfield>
    <subfield code="d">AR-RoUNA</subfield>
  </datafield>
  <datafield tag="041" ind1=" " ind2=" ">
    <subfield code="a">spa</subfield>
  </datafield>
  <datafield tag="044" ind1=" " ind2=" ">
    <subfield code="a">ag</subfield>
  </datafield>
  <datafield tag="110" ind1="2" ind2=" ">
    <subfield code="a">Universidad Nacional de la Rep&#xFA;blica del Uruguay.</subfield>
    <subfield code="b">Facultad de Artes (UDELAR). Red Conceptualismos del Sur.</subfield>
    <subfield code="9">27509</subfield>
  </datafield>
  <datafield tag="245" ind1="1" ind2="0">
    <subfield code="a">Giro gr&#xE1;fico</subfield>
    <subfield code="b">: rumores y glamores del sur. </subfield>
  </datafield>
  <datafield tag="260" ind1=" " ind2=" ">
    <subfield code="a">Montevideo (Uruguay):</subfield>
    <subfield code="b">CasaMario,</subfield>
    <subfield code="c">2024.</subfield>
  </datafield>
  <datafield tag="300" ind1=" " ind2=" ">
    <subfield code="a">371 p. :</subfield>
    <subfield code="b">fot. col.</subfield>
    <subfield code="b">il. col.</subfield>
    <subfield code="c">25x17 cm.</subfield>
  </datafield>
  <datafield tag="520" ind1="3" ind2=" ">
    <subfield code="a">Giro Gr&#xE1;fico. Rumores y clamores del sur se presenta como una deriva situada en Uruguay del proyecto transversal de investigaci&#xF3;n y curadur&#xED;a Giro Gr&#xE1;fico, como en el muro la hiedra, que impuls&#xF3; la Red Conceptualismos del Sur entre 2015 y 2023 con el apoyo del Museo Reina Sof&#xED;a de Madrid (MNCARS). El proyecto pone en di&#xE1;logo formas de acci&#xF3;n gr&#xE1;fica del presente de distintos puntos de Am&#xE9;rica Latina y los movimientos negros, latinos e ind&#xED;genas en Estados Unidos. Integrado por m&#xE1;s de treinta investigadores, se inaugur&#xF3; en el MNCARS en 2022 e itinera luego al Museo Universitario de Arte Contempor&#xE1;neo de M&#xE9;xico (MUAC-UNAM) en 2022-2023. Giro Gr&#xE1;fico. Rumores y clamores del sur es un proyecto internacional de investigaci&#xF3;n, exposiciones y actividades p&#xFA;blicas en torno a la gr&#xE1;fica como instrumento comunicador de problem&#xE1;ticas sociales y pol&#xED;ticas, que se desarrolla en varios espacios art&#xED;sticos, culturales y educativos de Montevideo, Uruguay. Es coordinado por un grupo de investigadores de la Facultad de Artes de la Universidad de la Rep&#xFA;blica junto al colectivo Proyecto CasaMario. Propone relacionar y sistematizar materiales simb&#xF3;licos, archivos gr&#xE1;ficos y obras art&#xED;sticas, que brindan testimonio de situaciones sociales conflictivas desde 1960 hasta la actualidad. Los materiales reunidos se refieren a una noci&#xF3;n de lo gr&#xE1;fico que trasciende la idea del impreso (aunque obviamente la incluye), para extenderse a soportes y dispositivos diversos como carteles, pancartas, instalaciones, videos, intervenciones p&#xFA;blicas, construcciones arquitect&#xF3;nicas, fotograf&#xED;as, archivos y obras de acervos muse&#xED;sticos.</subfield>
  </datafield>
  <datafield tag="650" ind1=" " ind2="4">
    <subfield code="a">Dise&#xF1;o gr&#xE1;fico</subfield>
    <subfield code="x">Artistas</subfield>
  </datafield>
  <datafield tag="650" ind1=" " ind2="4">
    <subfield code="a">Arte</subfield>
  </datafield>
  <datafield tag="650" ind1=" " ind2="4">
    <subfield code="a">Pol&#xED;tica</subfield>
  </datafield>
  <datafield tag="651" ind1=" " ind2="4">
    <subfield code="a">Am&#xE9;rica Latina</subfield>
    <subfield code="9">93</subfield>
  </datafield>
  <datafield tag="908" ind1=" " ind2=" ">
    <subfield code="a">Imp</subfield>
  </datafield>
  <datafield tag="930" ind1=" " ind2=" ">
    <subfield code="e">12262</subfield>
  </datafield>
  <datafield tag="942" ind1=" " ind2=" ">
    <subfield code="c">LIB</subfield>
    <subfield code="2">udc</subfield>
  </datafield>
  <datafield tag="945" ind1=" " ind2=" ">
    <subfield code="d">2025-10-16</subfield>
  </datafield>
  <datafield tag="980" ind1=" " ind2=" ">
    <subfield code="6">5</subfield>
    <subfield code="a">Mar&#xED;a Machado</subfield>
    <subfield code="8">1</subfield>
    <subfield code="g">Maricel Allasia</subfield>
  </datafield>
  <datafield tag="999" ind1=" " ind2=" ">
    <subfield code="c">12183</subfield>
    <subfield code="d">12183</subfield>
  </datafield>
  <datafield tag="952" ind1=" " ind2=" ">
    <subfield code="0">0</subfield>
    <subfield code="1">0</subfield>
    <subfield code="2">udc</subfield>
    <subfield code="4">0</subfield>
    <subfield code="7">0</subfield>
    <subfield code="a">AR-RoUNA</subfield>
    <subfield code="b">AR-RoUNA</subfield>
    <subfield code="c">Dise&#xF1;o Gr&#xE1;fico - Sala</subfield>
    <subfield code="d">2025-10-16</subfield>
    <subfield code="e">Don</subfield>
    <subfield code="l">1</subfield>
    <subfield code="o">659.125  G526</subfield>
    <subfield code="p">18402</subfield>
    <subfield code="t">ej. 1</subfield>
    <subfield code="y">LIB</subfield>
    <subfield code="x"></subfield>
  </datafield>
</record>
